| 000 | 00525nam a2200181Ia 4500 | ||
|---|---|---|---|
| 999 |
_c8904 _d8904 |
||
| 003 | OSt | ||
| 005 | 20201009111527.0 | ||
| 008 | 190216s9999||||xx |||||||||||||| ||und|| | ||
| 020 | _a9788177226362 | ||
| 040 | _coclc | ||
| 082 |
_a004 _bGUP/E |
||
| 100 |
_aGupta, Vikas _95391 |
||
| 245 | 0 |
_aEncyclopedia Of Computer Knowledge Computer Course Kit / _cVikas Gupta |
|
| 260 |
_bDream Tech Press, _aNew Delhi: _c2006. |
||
| 300 | _a231p | ||
| 650 | _aComputer | ||
| 942 |
_cBK _2ddc _h004 _iGUP/E _k004 _mGUP/E |
||